|
|
|
|
| LEADER |
00000nas a2200000 i 4500 |
| 001 |
ssj0001077855 |
| 003 |
WaSeSS |
| 005 |
20200512172242.0 |
| 006 |
m d |
| 007 |
cr n |
| 008 |
140109u20uuuuuuxv f| p|s|||||| |0slv d |
| 035 |
|
|
|a (WaSeSS)ssj0001077855
|
| 040 |
|
|
|a WaSeSS
|b eng
|c WaSeSS
|d WaSeSS
|
| 050 |
1 |
4 |
|a D1
|
| 245 |
0 |
0 |
|a Zgodovina za vse
|h [electronic resource].
|
| 260 |
|
|
|a Celje, Slovenia :
|b Zgodovinsko Drustvo Celje (Historical Society of Celje)
|
| 310 |
|
|
|a Semiannual
|
| 506 |
|
|
|a License restrictions may limit access.
|
| 588 |
|
|
|a Description based on: Volume 18 (2) (2011); title from title screen (ProQuest, viewed Jan. 9, 2014).
|
| 588 |
|
|
|a Latest issue consulted: Volume 19 (1/2) (2012) (viewed Jan. 9, 2014).
|
| 650 |
|
0 |
|a History
|v Periodicals.
|
| 655 |
|
0 |
|a Electronic journals.
|
| 776 |
0 |
8 |
|i Print version:
|t Zgodovina za vse
|x 1318-2498
|
| 856 |
4 |
0 |
|z Full text available from Research Library: 07/01/2011 to present
|u https://search.proquest.com/publication/1926336
|